Fußball: Bundesligaspieler bei der Europameisterschaft 2024 - Statistiken

Allgemein
  • Dieses Quiz wurde 876 mal gespielt
  • Das Durchschnittsergebnis liegt bei 13 aus 17
Antwortstatistiken
Spieler Land Verein % Korrekt
Alejandro Grimaldo Spanien Bayer Leverkusen
98%
Harry Kane England Bayern München
97%
Gregor Kobel Schweiz Borussia Dortmund
96%
Dani Olmo Spanien RB Leipzig
96%
Andrej Kramaric Kroatien TSG Hoffenheim
92%
Nico Elvedi Schweiz Borussia Mönchengladbach
82%
Florian Kainz Österreich 1. FC Köln
81%
Ruben Vargas Schweiz FC Augsburg
80%
Roland Sallai Ungarn SC Freiburg
74%
Lovro Majer Kroatien VfL Wolfsburg
70%
Kevin Stöger Österreich VfL Bochum
69%
Leonidas Stergiou Schweiz VfB Stuttgart
59%
Milos Veljkovic Serbien Werder Bremen
59%
Andras Schäfer Ungarn Union Berlin
58%
Silvan Widmer Schweiz FSV Mainz 05
57%
Klaus Gjasula Albanien SV Darmstadt 98
52%
Simon Simoni Albanien Eintracht Frankfurt
34%
Keine übereinstimmenden Quizze gefunden
Verteilung der Resultate
Anzahl Personen mit jedem Resultat
Perzentil nach korrekt beantworteten Fragen
Ihre Resultats-Entwicklung
Sie haben dieses Quiz noch nicht gespielt